La Centrafrique pour les touristes... - Facile - Statistiques

Statistiques générales
  • Ce quiz a été pris 13 fois
  • Le résultat moyen est 10 sur 20
Statistiques - réponses
Question Indice Réponses Indice facile % Correct
Ce pays est plus grand que la France (oui/non) Oui
100%
Quelles sont les langues officielles ? Français
83%
Achats à faire 2/ Bijoux en Or RO
83%
Quel pays a accordé son indépendance à celui-ci ? France
75%
Quels est le climat local ? T Tropical
75%
Quelle est la monnaie ? Franc CFA F
67%
Quel est le régime du pays ? République
67%
Quelles sont les langues officielles ? Sango S
67%
Dans la capitale quel est le décalage horaire avec Paris ? (+ ou - et chiffre) ex - 10 - 1
50%
Le principal aéroport est N Bangui
50%
Achats à faire 1/ Objets en bois d' Ebène BEENE
50%
Quelles sont les principaux lieux touristiques ? B Chutes de {Boali} BOILA
42%
Le suffixe internet est cf
33%
Achats à faire 3/ Tableau en ailes de Papillon OPALINLP
33%
Quelles sont les principaux lieux touristiques ? C Réserve de {Chinko} KOCHIN
33%
La religion majoritaire est A Animisme
25%
Code sur les plaques minéralogiques RCA
25%
Quelles sont les principaux lieux touristiques ? Z Hameau de {Zinga} GAZNI
17%
Quelles sont les principaux lieux touristiques ? M Parc de {Manovo-Gounda} AMADOUGNNOOV
17%
Achats à faire 4/ Objets tressés Vannerie ARIENNEV
0%
Aucun quiz correspondant
Distribution des résultats
% des personnes avec chaque résultat
Percentile par nombre de réponses
Votre historique - résultats
Vous n’avez pas pris ce quiz